| 000 | 00433nam a2200181 a 4500 | ||
|---|---|---|---|
| 001 | 0477 | ||
| 005 | 20140414131938.0 | ||
| 008 | 040117s19uu xx 00 eng d | ||
| 020 | _a1-8442-2029-x | ||
| 050 |
_aER _bSl2 2003 |
||
| 245 | _aSleeping Beauty. | ||
| 260 |
_aU.K : _bLadybird, _c1995. |
||
| 300 | _a43 p. : ill. ; cm. | ||
| 440 | _aDisney | ||
| 650 | _aFairy Tales. | ||
| 650 | _aChildren stories. | ||
| 999 |
_c112498 _d112498 |
||